Vague Quiz Stats

 Plays Quiz not verified by Sporcle

Challenge
Share
Tweet
Embed
Score 0/20 Timer 05:00
0 Plays Today
% Correct
Fingers
96.2%
Udders
82.4%
Smelly
71.8%
Frosting
63.4%
Hair
55%
Pig
48.1%
Pork
46.6%
Nails
45%
Dislike
40.5%
Grass
37.4%
% Correct
Meat
32.8%
Food
30.5%
Octopus
22.1%
President
16.8%
Eat
9.9%
Covers
9.2%
The Gathering
7.6%
Gathering
5.3%
Automatonlike
4.6%
Gathering
3.8%

You're not logged in!

Compare scores with friends on all Sporcle quizzes.
Join for Free
OR
Log In

You Might Also Like...

Show Comments

Extras

Created Feb 10, 2012ReportNominate
Tags:vague

Top Quizzes Today


Score Distribution

Your Account Isn't Verified!

In order to create a playlist on Sporcle, you need to verify the email address you used during registration. Go to your Sporcle Settings to finish the process.

Report this User

Report this user for behavior that violates our Community Guidelines.

Details: